| 000 | 00417nab a2200145Ia 4500 | ||
|---|---|---|---|
| 003 | ES-SlBCS | ||
| 005 | 20210601125026.0 | ||
| 008 | 140529s1961 xxu||||| |||| 00| 0 eng d | ||
| 041 | _aeng | ||
| 100 | 1 |
_aTruslow, Frederick Kent _9152833 |
|
| 245 | 0 | 0 |
_aEye to Eye with Eagles _c Frederick Kent Truslow |
| 650 | 0 | 4 |
_aÁguila _9152834 |
| 773 | 0 |
_tNational Geographic _gnº. 1, 1961, págs. 122-148 _wRev289 |
|
| 942 | _cAR | ||
| 999 |
_c523464 _d523464 |
||